| 000 | 00771 a2200229 4500 | ||
|---|---|---|---|
| 003 | OSt | ||
| 005 | 20230411095920.0 | ||
| 008 | 220801b2019 mx ade|f |||| 001 0 spa d | ||
| 020 | _a9286078608232 | ||
| 040 | _cCHAP | ||
| 082 | 0 | 0 |
_a532 _bP35 _222 |
| 100 | 1 |
_9186634 _aPeñaranda Osorio, Caudex Vitelio |
|
| 245 | 1 | 0 |
_aMecánica de fluidos / _cpor Caudex Vitelio Peñaranda Osorio. |
| 264 | 1 |
_aMéxico: _bECOE. _c2019. |
|
| 300 |
_a346 páginas _bilustraciones, cuadros, gráficas, tablas. |
||
| 490 | 1 | _aIngeniería y salud en el trabajo. Ingenieria | |
| 504 | _aincluye índice y bibliografía | ||
| 650 | 2 |
_973821 _aMecánica de fluídos |
|
| 650 | 2 |
_955219 _aHidráulica |
|
| 830 | 0 |
_9163615 _aIngeniería y salud en el trabajo. Ingenieria |
|
| 942 |
_2ddc _cLIBRO |
||
| 999 |
_c217425 _d217425 |
||